IACLE Contact Lens Course, Module 1: Anterior segment of the eye
Gorde:
| Formatua: | Liburua |
|---|---|
| Hizkuntza: | ingelesa |
| Argitaratua: |
Sydney
IACLE
1997
|
| Edizioa: | 1a. ed |
| Gaiak: | |
| Etiketak: |
Etiketa erantsi
Etiketarik gabe, Izan zaitez lehena erregistro honi etiketa jartzen!
|
MARC
| LEADER | 00000nam a2200000 a 4500 | ||
|---|---|---|---|
| 001 | UCK8766 | ||
| 003 | CL-VaPUC | ||
| 008 | 060331e19970000AT |||||||||||||||||eng|d | ||
| 082 | 0 | 4 | |a 617.7523 |b IAC |2 21 |
| 245 | 1 | 0 | |a IACLE Contact Lens Course, Module 1: Anterior segment of the eye |
| 250 | |a 1a. ed | ||
| 300 | |a 248 p | ||
| 942 | |c BK | ||
| 945 | |d 20060331 00:00:00 |a cmena | ||
| 260 | |a Sydney |b IACLE |c 1997 | ||
| 650 | 7 | |a LENTES DE CONTACTO |2 CL-VaPUC |9 498407 | |
| 650 | 0 | |a Anatomía y fisiología del ojo |9 498387 | |
| 650 | 0 | |a Oftalmología |9 343851 | |
| 650 | 7 | |a DISPOSITIVOS OPTICOS |2 CL-VaPUC |9 433969 | |
| 650 | 7 | |a OPTOMETRIA |2 CL-VaPUC |9 498409 | |
| 650 | 7 | |a LENTES |2 CL-VaPUC |9 392940 | |
| 583 | |a last modification |c 20060331 00:00:00 |k Rodrigo Vera | ||
| 999 | |c 316176 |d 316174 | ||